K niektorým terminologickým pojmom v okruhu práce ...

Problematika používania vybraných pojmov z oblasti riadenia ľudských zdrojov, ktoré vyvolávajú polemiku o ich správnom používaní, resp. stupni príbuznosti/totožnosti.

Enregistré dans:
Détails bibliographiques
Auteur principal: Štofilová, Jana
Format: Chapitre de livre
Langue:slovaque
Sujets:
Tags: Ajouter un tag
Pas de tags, Soyez le premier à ajouter un tag!

MARC

LEADER 00000naa$a2200000$$$4500
001 0039649
005 20240502071504.0
041 0 |a slo 
044 |a SK 
245 1 0 |a K niektorým terminologickým pojmom v okruhu práce ...  |c Jana Štofilová 
520 |a Problematika používania vybraných pojmov z oblasti riadenia ľudských zdrojov, ktoré vyvolávajú polemiku o ich správnom používaní, resp. stupni príbuznosti/totožnosti. 
610 2 0 |a terminológia 
610 2 0 |a pojmy 
610 2 0 |a riadenie ľudských zdrojov 
610 2 0 |a práca 
610 2 0 |a kapitál ľudský 
610 2 0 |a potenciál ľudský 
610 2 0 |a miesta pracovné 
100 1 |a Štofilová, Jana